• 首页
  • 本馆介绍
  • 公告通知
  • 最新文献
  • 馆藏检索
  • 电子资源
  • 读者导购
  • 参考咨询
  • 我的图书馆
  • 登录
  • 详细信息显示
  • 放入我的书架
  • 预约/预借图书
  • 作者相关作品
  • 分类相关作品
  • 丛书相关作品
  • 出版社相关作品

书目信息

  • 表格格式
  • 工作单格式
  • 卡片格式
题名:
中国植物图鉴
    
 
作者: 贾祖璋 , 贾祖珊 著
分册:  
出版信息: 上海   开明书店  民国廿六年五月[1937.5]发行
页数: 1460页
开本: 20×14cm
丛书名:
单 册:
中图分类: Q94-64
科图分类:
主题词: 植物--图表--中国 , 植物学
电子资源:
ISBN:
000 00875nam 2200027745
001 0633572593
005 20060805092048.20
010    @b精装@d国币八元
100    @a19991230j193705 akmy0chiy0120 ea
101 0  @achi
102    @aCN@b310000
105    @aa z 001yy
106    @ar
200 1  @a中国植物图鉴@AZhong Guo Zhi Wu Tu Jian@dPlantae sinicae cum illustrationibus@f贾祖璋,贾祖珊著@F Jia Zu Zhang , Jia Zu Shan Zhu@zlat
210    @a上海@b福州路二七八号@c开明书店@d民国廿六年五月[1937.5]发行
215    @a1460页@c图表@d20×14cm
300    @a附索引。
315    @a印:上海鸿英图书馆章。
510 1  @aPlantae sinicae cum illustrationibus@zlat
606    @a植物@x图表@z中国
606 0  @a植物学
690    @aQ94-64@v3
701  0 @a贾祖璋@Ajia zu zhang@4著
701  0 @a贾祖珊@AJia Zu Shan@4著
801 0  @c20060805
905    @a10447@dQ94-64@e126
    
    中国植物图鉴=Plantae sinicae cum illustrationibus/贾祖璋,贾祖珊著.-上海(福州路二七八号):开明书店,民国廿六年五月[1937.5]发行
    1460页:图表;20×14cm
    附索引。
    
    ISBN (精装):国币八元
    
●
相关链接 在E读中查询图书 在五车中查询图书 在当当中查询图书 在豆瓣中查询图书


正题名:中国植物图鉴     索取号:Q94-64/126         预约/预借

序号 登录号 条形码 馆藏地/架位号 状态 备注
1 0451519   204515195   密集书库/ [索取号:Q94-64/126] 在馆    
唐山师范学院图书馆 欢迎您!
大连网信软件有限公司© 版权所有